000 00345nam a2200121 a 4500
001 4144
005 20140414131950.0
008 090317s19uu xx 00 eng d
050 _aTR 371.1
_bSh1 1998
100 _aShalaway, Linda
245 _aLearning to teach :
_bnot just for beginners : the essential guide for all teachers.
999 _c112776
_d112776